000 00304nam a22001457a 4500
008 210430b ||||| |||| 00| 0 eng d
020 _a9780226194844
041 _aeng
080 _a32
082 _a32
100 _a18
101 _aSHP
245 _aProperty Rules
_cEinhorn,R.L
942 _2udc
_cBK
999 _c57066
_d57066